Charles, Kerwin Kofi (Record no. 510388)
[ view plain ]
| 000 -LEADER | |
|---|---|
| fixed length control field | 00392nam a2200157 4500 |
| 008 - FIXED-LENGTH DATA ELEMENTS--GENERAL INFORMATION | |
| fixed length control field | 190814b ||||| |||| 00| 0 eng d |
| 245 ## - TITLE STATEMENT | |
| Title | Charles, Kerwin Kofi |
| 260 ## - PUBLICATION, DISTRIBUTION, ETC. (IMPRINT) | |
| Date of publication, distribution, etc | 2019 |
| 300 ## - PHYSICAL DESCRIPTION | |
| Extent | p.209-248. |
| 650 ## - SUBJECT ADDED ENTRY--TOPICAL TERM | |
| Topical term or geographic name as entry element | Labour market |
| 9 (RLIN) | 8302 |
| 700 ## - ADDED ENTRY--PERSONAL NAME | |
| Personal name | Hurst, Erik |
| 9 (RLIN) | 8303 |
| 700 ## - ADDED ENTRY--PERSONAL NAME | |
| Personal name | Notowidigdo, Matthew J. |
| 9 (RLIN) | 8304 |
| 773 ## - HOST ITEM ENTRY | |
| Main entry heading | Economic Journal |
| 906 ## - LOCAL DATA ELEMENT F, LDF (RLIN) | |
| Subject DIP | Housing |
| 942 ## - ADDED ENTRY ELEMENTS (KOHA) | |
| Source of classification or shelving scheme | |
| Item type | Articles |
| Withdrawn status | Lost status | Source of classification or shelving scheme | Damaged status | Not for loan | Permanent location | Current location | Date acquired | Serial Enumeration / chronology | Barcode | Date last seen | Koha item type |
|---|---|---|---|---|---|---|---|---|---|---|---|
| Indian Institute of Public Administration | Indian Institute of Public Administration | 2019-08-14 | 129(617), Jan, 2019: p.209-248. | AR120279 | 2019-08-14 | Articles |
